书目信息 |
| 题名: |
周杰伦歌曲弹唱精选
|
|
| 作者: | 邹新跃 编著 | |
| 分册: | ||
| 出版信息: | 北京 蓝天出版社 2004 |
|
| 页数: | 165页 | |
| 开本: | 26cm | |
| 丛书名: | ||
| 单 册: | ||
| 中图分类: | J647.32 | |
| 科图分类: | ||
| 主题词: | 六弦琴--器乐曲--中国--选集 | |
| 电子资源: | ||
| ISBN: | 7-80158-457-0 | |
| 000 | 00632nam0 2200217 450 | |
| 001 | TS-065675 | |
| 005 | 20070120095742.06 | |
| 010 | @a7-80158-457-0@dCNY16.80 | |
| 100 | @a20060829d2004 em y0chiy0110 ea | |
| 101 | 0 | @achi |
| 102 | @aCN@b110000 | |
| 105 | @ag z 000yy | |
| 200 | 1 | @a周杰伦歌曲弹唱精选@Azhou jie lun ge qu tan chang jing xuan@f邹新跃编著 |
| 210 | @a北京@c蓝天出版社@d2004 | |
| 215 | @a165页@d26cm | |
| 300 | @a封底题:周杰伦专辑吉他特版 | |
| 606 | 0 | @a六弦琴@x器乐曲@y中国@x选集 |
| 690 | @aJ647.32@v4 | |
| 701 | 0 | @a邹新跃@Azou xin yue@4编著 |
| 801 | 0 | @aCN@b中图数据@c20070120 |
| 905 | @a10447@dJ647.32@e105 | |
| 周杰伦歌曲弹唱精选/邹新跃编著.-北京:蓝天出版社,2004 |
| 165页;26cm |
| 封底题:周杰伦专辑吉他特版 |
| ISBN 7-80158-457-0:CNY16.80 |
| ● |
| 相关链接 |
|
|
|
|
正题名:周杰伦歌曲弹唱精选
索取号:J647.32/105
 
预约/预借
| 序号 | 登录号 | 条形码 | 馆藏地/架位号 | 状态 | 备注 |
| 1 | 0618996 | 206189961 | 第一样本阅览室/ [索取号:J647.32/105] | 在馆 | |
| 2 | 0618997 | 206189970 | 第一借阅区/ [索取号:J647.32/105] | 在馆 | |
| 3 | 0618998 | 206189989 | 第一借阅区/ [索取号:J647.32/105] | 在馆 |